| 000 | 00544nam a2200169Ia 4500 | ||
|---|---|---|---|
| 008 | 090711s9999 xx 000 0 und d | ||
| 082 | _b4743 | ||
| 100 | _aसाठे शंकर गो. | ||
| 245 | _aछापील संसार | ||
| 260 |
_bएन. के. पब्लिशिंग हाऊस _c1949 |
||
| 300 | _a96 | ||
| 600 | _aसाठे शंकर गो. | ||
| 630 | _aछापील संसार | ||
| 700 | _aसाठे शंकर गो. | ||
| 730 | _aछापील संसार | ||
| 942 | _cBOOK | ||
| 999 |
_c302747 _d302747 |
||